The early chamber tombs of south India (Record no. 10306)

MARC details
000 -LEADER
fixed length control field 00597nam a2200169Ia 4500
003 - CONTROL NUMBER IDENTIFIER
control field IN-BaIIA
008 - FIXED-LENGTH DATA ELEMENTS--GENERAL INFORMATION
fixed length control field 211028s9999 xx 000 0 eng d
040 ## - CATALOGING SOURCE
Transcribing agency IIA Library
080 ## - UNIVERSAL DECIMAL CLASSIFICATION NUMBER
Universal Decimal Classification number 726.82
Item number SUN
100 ## - MAIN ENTRY--PERSONAL NAME
Personal name Sundara, A.
9 (RLIN) 17523
245 #4 - TITLE STATEMENT
Title The early chamber tombs of south India
Remainder of title a study of the iron age megalithic monuments of North Karnataka
Statement of responsibility, etc. A. Sundara
260 ## - PUBLICATION, DISTRIBUTION, ETC.
Place of publication, distribution, etc. New Delhi
Name of publisher, distributor, etc. University Publishers
Date of publication, distribution, etc. 1975
300 ## - PHYSICAL DESCRIPTION
Extent xviii, 248p.
650 ## - SUBJECT ADDED ENTRY--TOPICAL TERM
Topical term or geographic name entry element Astronomy and astrophysics thesaurus
650 ## - SUBJECT ADDED ENTRY--TOPICAL TERM
Topical term or geographic name entry element Early chambers
9 (RLIN) 17524
942 ## - ADDED ENTRY ELEMENTS (KOHA)
Koha item type Books
Holdings
Withdrawn status Lost status Damaged status Not for loan Home library Current library Shelving location Date acquired Total Checkouts Full call number Barcode Date last seen Price effective from Koha item type
        IIA Library-Bangalore IIA Library-Bangalore General Stacks 31/01/1992   726.82/ SUN 11216 05/11/2021 31/01/1992 Books

Powered by Koha